000 00540nam a22001817a 4500
100 _aGuo, Y
245 _aProperties of ultrasonically devulcanised and revulcanized used tire rubber and their blends with virgin natural rubber
260 _bKautschuk Gummi Kunststoffe, 76(4): 2023. 58-67.
300 _bAugust
650 _aUltrasonic devulcanisation
650 _aGround tire rubber
650 _aBlends
650 _aRheology
650 _aStructure
650 _aPerformance properties
700 _aIsayev, A.I
942 _cJS
999 _c75286
_d75286